| 000 | 01064nam a2200277 i 4500 | ||
|---|---|---|---|
| 003 | EG-ScBUE | ||
| 005 | 20240218130014.0 | ||
| 008 | 111124s1986 ua f b 000 0 ara d | ||
| 017 | _a86 / 4423 | ||
| 040 |
_aEG-ScBUE _bara _erda _cEG-ScBUE _dEG-ScBUE |
||
| 043 | _af-ua--- | ||
| 082 | 0 | 4 |
_222 _a962.009822 _bم ص ر |
| 245 | 0 | 0 |
_aمصر وعالم البحر المتوسط / _cإعداد وتقديم د. رؤوف عباس [وثلاثة عشر آخرون]. |
| 250 | _aالطبعة الأولى. | ||
| 264 | 1 |
_aالقاهرة : _bدار الفكر للدراسات والنشر والتوزيع، _c1986. |
|
| 300 |
_a325 صفحة ؛ _c24 سم |
||
| 336 |
_2rdacontent _aنص _btxt |
||
| 337 |
_aبدون وسيط _2rdamedia _bn |
||
| 338 |
_aمجلد _bnc _2rdacarrier |
||
| 504 | _aيشتمل على إرجاعات ببليوجرافية. | ||
| 650 | 7 |
_aالحضارة المصرية. _2BUEsh |
|
| 651 | 7 |
_922394 _aمصر _xتاريخ. _2BUEsh |
|
| 655 | _vReading book | ||
| 700 | 1 |
_926926 _aعباس، رءوف، _eمعد، _eمقدم. |
|
| 942 |
_2ddc _cBB |
||
| 999 |
_c16254 _d16254 |
||